000 00487nmm a2200157Ia 4500
008 251105s9999||||xx |||||||||||||||||und||
020 _a9788496813762
041 _aspa
100 _aRomero Recio, Mirella
245 0 _aViajeros españoles en Pompeya (1748-1936) :
_b Ecos de un descubrimiento
264 _a[Madrid, España] :
_bEdiciones Polifemo,
_c2012
300 _a320 páginas
650 _aArcheology
856 _uhttps://public.digitaliapublishing.com/a/19216
942 _cCF
999 _c90107
_d90107